No sé / (Record no. 69923)

MARC details
000 -LEADER
campo de control de longitud fija 00712nam a2200229 i 4500
001 - NÚMERO DE CONTROL
campo de control 69923
003 - IDENTIFICADOR DE NÚMERO DE CONTROL
campo de control ES-MaACL
005 - FECHA Y HORA DE LA ÚLTIMA TRANSACCIÓN
campo de control 20230906170649.0
007 - CAMPO FIJO DE DESCRIPCIÓN FÍSICA--INFORMACIÓN GENERAL
campo de control de longitud fija t|
008 - DATOS DE LONGITUD FIJA--INFORMACIÓN GENERAL
campo de control de longitud fija 040713s1985 sp ||||1| spa d
020 ## - NÚMERO INTERNACIONAL ESTÁNDAR DEL LIBRO
Número Internacional Estándar del Libro 84-85887-85-9
100 1# - ENTRADA PRINCIPAL--NOMBRE DE PERSONA
Nombre de persona García Luengo, Eusebio.
9 (RLIN) 54865
245 10 - MENCIÓN DEL TÍTULO
Título No sé /
Mención de responsabilidad, etc. Eusebio García Luengo ; prólogo de Carlos Gurméndez.
250 ## - MENCION DE EDICION
Mención de edición 1ª ed.
260 ## - PUBLICACIÓN, DISTRIBUCIÓN, ETC.
Lugar de publicación, distribución, etc. Barcelona :
Nombre del editor, distribuidor, etc. Anthropos,
Fecha de publicación, distribución, etc. 1985.
300 ## - DESCRIPCIÓN FÍSICA
Extensión 246 p. ;
Dimensiones 20 cm.
490 1# - MENCIÓN DE SERIE
Mención de serie Memoria rota. Exilios y heterodoxias ;
Designación de volumen o secuencia 4
700 1# - ENTRADA AGREGADA--NOMBRE PERSONAL
Nombre de persona Gurméndez, Carlos (
Fechas asociadas al nombre 1917-1997)
9 (RLIN) 60986
830 0# - PUNTO DE ACCESO ADICIONAL DE SERIE-TÍTULO UNIFORME
Título uniforme Memoria rota. Exilios y heterodoxias ;
Designación de volumen o secuencia 4
9 (RLIN) 177283
852 ## - LOCALIZACIÓN
Ubicación ES-MaACL
Número de control de estantería L-10117
Sublocalización o colección R.110653
Holdings
Estatus retirado Estado de pérdida Estado de daño No para préstamo Biblioteca de origen Biblioteca actual Ubicación en estantería Fecha de adquisición Fuente de adquisición Total de préstamos Signatura topográfica completa Código de barras Visto por última vez Precio de reemplazo Tipo de ítem Koha
        Biblioteca del Ateneo de Madrid Biblioteca del Ateneo de Madrid Depósito 2 17/01/2008     L-10117 1073219 23/02/2023 23/02/2023 Libro impreso